Normal view
MARC view
- C.Northcote Parkinson
Entry Personal Name
001 - CONTROL NUMBER
- control field: 108223
003 - CONTROL NUMBER IDENTIFIER
- control field: NUST
005 - DATE AND TIME OF LATEST TRANSACTION
- control field: 20230131130219.0
008 - FIXED-LENGTH DATA ELEMENTS
- fixed length control field: 230131|| aca||aabn | a|a d
040 ## - CATALOGING SOURCE
- Original cataloging agency: NUST
- Transcribing agency: NUST
100 ## - HEADING--PERSONAL NAME
- Personal name: C.Northcote Parkinson
670 ## - SOURCE DATA FOUND
- Source citation: Work cat.: (NUST)185919: C.Northcote Parkinson, The law and the profits / , 1960
